| 000 | 00817 a2200265 4500 | ||
|---|---|---|---|
| 003 | Nust | ||
| 005 | 20170207164552.0 | ||
| 020 | _a0471224162 | ||
| 020 | _a9780471224167 | ||
| 040 | _cNust | ||
| 082 | 0 | _a621.382 | |
| 082 | 0 | _a621.382 | |
| 100 | 1 | _aFreeman, Roger L. | |
| 245 | 0 | 0 |
_aFundamentals of telecommunications / _h[Elektronisk resurs] _cRoger L. Freeman |
| 260 |
_aNew York : _bWiley, _c2002 |
||
| 300 |
_a816 s. : _bill. |
||
| 440 | 0 | _aWiley series in telecommunications, | |
| 500 | _a"A Wiley-Interscience publication" | ||
| 500 | _aE-book | ||
| 650 | 7 | _aTelecommunication | |
| 650 | 7 | _aTelecommunication engineering. | |
| 650 | 7 | _aTelekommunikation | |
| 856 | 4 | 0 |
_3John Wiley _uhttp://dx.doi.org/10.1002/0471224162 |
| 856 | 4 | 0 | _uhttp://www3.interscience.wiley.com/cgi-bin/booktoc?ID=91513463 |
| 942 |
_2ddc _cBK |
||
| 999 |
_c209344 _d209344 |
||